000 01198nam a2200241Ia 4500
999 _c41955
_d41955
001 8639
003 GE_BSU
005 20220516133843.0
008 181216s2008||||ge |||||||||||||| ||geo||
020 _a9789941402791
040 _cGE_BSU
041 _ageo
080 _a51(075.4) გ-15
245 _aგავიმეოროთ მათემატიკა :
_bნაწ. 1 /
_c გურამ გოგიშვილი, თეიმურაზ ვეფხვაძე, ია მებონია, ლამარა ქურჩიშვილი ; რედ. თეიმურაზ ვეფხვაძე.
264 _aთბილისი :
_bინტელექტი,
_c2008.
300 _a314 გვ.;
_b28 სმ.
653 _aგავიმეოროთ მათემატიკა
700 _aვეფხვაძე, თეიმურაზ
_eავტორი
_95602
700 _aმებონია, ია
_eავტორი
_95603
700 _aქურჩიშვილი, ლამარა
_eავტორი
_95604
700 _aვეფხვაძე, თეიმურაზ
_eრედაქტორი
_95602
942 _cBK
_2udc